RELIABILITY ENGINEERING AND RISK ANALYSIS : (Registro nro. 47508)
[ vista simple ]
| 000 -LEADER | |
|---|---|
| fixed length control field | 01038nam a2200205 a 4500 |
| 001 - CONTROL NUMBER | |
| control field | 47508 |
| 005 - DATE AND TIME OF LATEST TRANSACTION | |
| control field | 20180714031458.0 |
| 008 - FIXED-LENGTH DATA ELEMENTS--GENERAL INFORMATION | |
| fixed length control field | 140415d 000 0 eng d |
| 020 ## - INTERNATIONAL STANDARD BOOK NUMBER | |
| International Standard Book Number | 0824720008 |
| 041 ## - LANGUAGE CODE | |
| Language code of text/sound track or separate title | eng |
| 082 ## - DEWEY DECIMAL CLASSIFICATION NUMBER | |
| Classification number | 620.00452 |
| Item number | MOD |
| 100 1# - MAIN ENTRY--PERSONAL NAME | |
| Personal name | MODARRES, MOHAMMAD |
| 245 10 - TITLE STATEMENT | |
| Title | RELIABILITY ENGINEERING AND RISK ANALYSIS : |
| Remainder of title | A PRACTICAL GUIDE |
| 250 ## - EDITION STATEMENT | |
| Edition statement | 1a ed. |
| 260 ## - PUBLICATION, DISTRIBUTION, ETC. | |
| Place of publication, distribution, etc. | [s.l.] : |
| Name of publisher, distributor, etc. | MERCEL DEKKER, INC., |
| Date of publication, distribution, etc. | [s.f.] |
| 300 ## - PHYSICAL DESCRIPTION | |
| Extent | 78 |
| Dimensions | 15.5 x 2.5 x 23.5 |
| 520 ## - SUMMARY, ETC. | |
| Summary, etc. | INGENIERIA DE CONFIANZA Y ANALISIS DE RIESGO. ESTE TEXTO, CONVENIENTE Y LUCIDA REFERENTE INTRODUCE YEXPLICA METODOS PRAGMATICAS Y TECNICAS PARA LA CONFIANZA Y EL ESTUDIO DE RIESGOS Y DISCUTE SOBRE LOS USOS Y LAS LIMITACIONES MAS QUE SOLO DEMOSTRAR DERIVACIONES LOGICAS. INCLUYE SOFTWARE COMPUTACIONAL QUE ILUSTRA NUMEROSOS EJEMPLOS, AYUDANDO A LOS INGENIEROS Y A LOS ESTUDIANTES A RESOLVER PROBLEMAS. OTORGANDOLES SU PRIMER MODULO EN ESTIMACION BAYESIAN. |
| 650 14 - SUBJECT ADDED ENTRY--TOPICAL TERM | |
| Topical term or geographic name entry element | CONFIABILIDAD (INGENIERIA) |
| 700 1# - ADDED ENTRY--PERSONAL NAME | |
| Personal name | KAMINSKIY, MARK |
| Relator term | coaut. |
| Withdrawn status | Lost status | Source of classification or shelving scheme | Damaged status | Not for loan | Collection code | Home library | Current library | Shelving location | Date acquired | Source of acquisition | Inventory number | Total Checkouts | Full call number | Barcode | Date last seen | Date last checked out | Price effective from | Koha item type |
|---|---|---|---|---|---|---|---|---|---|---|---|---|---|---|---|---|---|---|
| Dewey Decimal Classification | General | Biblioteca Karol Wojtyla | Biblioteca Karol Wojtyla | Sala general | 03/12/2013 | Compra | 151000000000000000003411 | 620.00452 MOD | 71128 | 05/01/2026 | 03/07/2014 | 03/12/2013 | Libro |